|
|
|
|
| LEADER |
00000ny a22000003n 4500 |
| 005 |
20110621111441.0 |
| 008 |
091214s2007 be 000 0 fre d |
| 020 |
|
|
|a 9782930287904
|
| 035 |
|
|
|a 2381
|
| 040 |
|
|
|a BUS
|d vLex
|
| 090 |
|
|
|c 916
|d 916
|
| 110 |
2 |
|
|a Fďřation Belge des copropriťaires
|
| 245 |
1 |
2 |
|a L'assemblě gňřale des copropriťaires
|h [Recurso electrn̤ico]
|c La Fďřation Belge des copropriťaires
|
| 256 |
|
|
|a Servicio en ln̕ea
|
| 260 |
|
|
|a Bľgica :
|b Edipro,
|c 2007
|
| 300 |
|
|
|a p. ;
|c cm
|
| 506 |
1 |
|
|a Contenido solo disponible en los productos indicados
|d vLex Global
|d vLex Global (Academic Edition, excluding Law Schools)
|d vLex Global (U.S. Academic Edition, Law Schools)
|d vLex Global (U.S. Academic Edition, excluding Law Schools)
|d vLex Global (Academic Edition, Law Schools)
|
| 650 |
0 |
4 |
|a Copropiedades
|x Derecho
|
| 740 |
0 |
|
|a vLex Libros (Servicios en ln̕ea)
|
| 856 |
4 |
0 |
|u http://vlex.com/source/2381
|z Acceso restringido
|
| 942 |
|
|
|c BOOK
|